[Event "Tata Steel-A 76th"]
[Site "Wijk aan Zee"]
[Date "2014.01.17"]
[Round "5"]
[White "Harikrishna, Pentala"]
[Black "Giri, Anish"]
[Result "0-1"]
[WhiteElo "2706"]
[BlackElo "2734"]
[Annotator "Postny,E"]
[PlyCount "142"]
[EventDate "2014.01.11"]
[EventType "tourn"]
[EventRounds "11"]
[EventCountry "NED"]
[EventCategory "20"]
[SourceTitle "CBM 159"]
[Source "ChessBase"]
[SourceDate "2014.03.17"]
[SourceVersion "1"]
[SourceVersionDate "2014.03.17"]
[SourceQuality "1"]

1. e4 e5 2. Nf3 Nc6 3. Bc4 Bc5 4. O-O Nf6 5. d3 O-O 6. h3 d6 7. c3 a6 8. Bb3 h6
{All standard Giuoco Piano so far. It's interesting that Giri doesn't spend a
tempo on Bc5-a7 - a move that is often automatically played.} (8... Ba7 9. Nbd2
h6 10. Re1 {has appeared in hundreds of games.} {Now the most ambitious plan
for Black is} Nh5 11. Nf1 Qf6 $132) 9. Be3 (9. d4 Ba7 10. Re1 Re8 11. Bc2 b5 {
followed by 12...Bb7 is okay for Black.}) 9... Bxe3 {Black, sort of, gained a
tempo by exchanging dark-squared bishops without playing Bc5-a7.} 10. fxe3 {
Now White's structure is somewhat damaged, but he hopes to make use of the
f-file.} Na5 11. Bc2 c5 12. Nbd2 b5 13. Qe1 Rb8 $146 (13... Nc6 14. Nh4 Kh7 15.
Rf3 a5 16. Qf2 a4 17. Rf1 Ra7 18. Nf5 Ne8 19. Qg3 Qg5 20. Qf2 g6 21. Ng3 $11 {
0-1 (47) Velikhanli,F (2283)-Lahno,K (2450) Baku 2007}) 14. Qg3 {White will be
trying to create something on the kingside. Black, for his part, should be
careful not to come under serious attack and, at the same time, he should
develop his play on the queenside.} Nh5 15. Qf2 Nf6 16. Qg3 Nh5 17. Qh2 {
White is not better, but ready to continue the fight.} Qe7 18. Rf2 Bd7 19. g4
Nf6 20. Raf1 Nh7 21. Qg3 ({It makes sense to play} 21. a3 $5 {at some point.
So that after} c4 22. d4 {Black needs more time to open the b-file by
preparing the advance b5-b4.}) 21... g6 22. Nh4 $6 {This looks odd to me. The
sacrifice Nh4-f5 is unlikely to work, but then the question is what the knight
is doing on h4? It was more to the point to create pressure in the centre.} (
22. d4 {looks more to the point. Now it's not easy to choose how to defend the
Pe5. 22...f6 is an ugly move, 22...Rbe8 moves the rook away from the b-file
which Black hopes to open, while 23...Rfe8 leaves Pf7 unprotected.}) 22... c4
23. d4 b4 24. Ndf3 {[%csl Re5]} b3 $5 {This is somewhat controversial. Giri
decided not to open the b-file, but to get the c4-square and potentially
strong Pb3.} (24... Nc6 25. Bd1 (25. Ba4 $2 bxc3 26. bxc3 Nxd4 $1 27. exd4 Bxa4
28. dxe5 dxe5 29. Nxe5 Qd6 $1 $17 {[%cal Gh7g5]}) 25... bxc3 26. bxc3 Ng5 27.
Nxg5 hxg5 28. Nf3 f6 29. Nd2 Na5 $11) 25. axb3 cxb3 26. Bd3 Bb5 27. Bxb5 axb5
28. dxe5 Nc4 29. exd6 $2 (29. e6 $1 Qxe6 30. Nf5 Qxe4 31. Nxh6+ Kg7 32. Nxf7 $1
(32. Qh4 $2 f6 $17) 32... Qxe3 (32... Rxf7 $2 33. Nd2 $16 {[%csl Re4,Rf7]}) (
32... Nxe3 $2 33. Qxd6 Rxf7 34. Nd2 Rxf2 35. Qc7+ $1 Kh6 36. Rxf2 Rb7 37. Qxh7+
Rxh7 38. Nxe4 $16) 33. Re1 Qa7 34. Nxd6 Rxf3 35. Qxf3 Nxd6 {This position is
evaluated by an engine as 0.00, but from a human point of view it's a game for
three results, anything can happen.}) 29... Nxd6 {Now White is forced to swap
queens and go into an ugly endgame.} 30. Qe5 Qxe5 31. Nxe5 Ng5 {White has no
more play on the kingside, as the queens are off, while his pawn weaknesses
are a factor now.} 32. Rh2 (32. Kg2 Ngxe4 33. Nd7 Nxf2 34. Rxf2 Nc4 35. Nxf8
Rxf8 $17 {[%csl Rb2,Re3][%cal Gf8a8,Ga8a2]}) 32... Rb7 33. Nc6 $6 {White
shouldn't give away control over the c4-square so easily.} (33. Nhf3 Ngxe4 34.
Nd2 {with reasonable chances to hold.}) 33... Nc4 34. Nd4 b4 35. Rc1 Ra8 $6 (
35... Ne5 $1 $17 {was extremely unpleasant as practically none of White's
pieces can move.}) 36. cxb4 Rxb4 37. Nhf3 Nxf3+ 38. Nxf3 Ra2 39. Rb1 Nxe3 40.
Re2 Nc2 41. Nd2 Ra7 42. e5 (42. Nxb3 Rc7 $1 (42... Rxb3 43. Rxc2 Rxh3 44. b4
$11) 43. Rc1 Rxb3 44. Rcxc2 Rxc2 45. Rxc2 Rxh3 46. Kg2 Re3 47. Rc4 Re2+ 48. Kf3
Rxb2 {White should hold it with tenacious defence.}) 42... Nd4 43. Re3 Rc7 44.
Nf3 Ne6 $17 45. Ne1 Rd7 46. Nd3 $6 {Difficult defence for Harikrishna, it's
very easy to go astray.} (46. Nf3 {is preferable, so that White's rook always
keeps an eye on Pb3.}) 46... Rc4 47. Nf2 $6 (47. Kf2 {was better, not allowing
Black's knight to move to c5.}) 47... Nc5 {The knight is protecting the Pb3
now. Black's rooks are invading White's camp with decisive effect.} 48. Rf1 Rc2
$19 49. Kg2 Rd3 ({It was possible to capture the pawn right away:} 49... Rxb2
50. Kf3 Rb7 $19) 50. Kf3 Rxe3+ 51. Kxe3 Rxb2 52. Rd1 Kf8 53. Rd8+ Ke7 54. Rb8
Rc2 $6 {Inaccuracy.} (54... Rb1 55. Nd3 Nxd3 56. Kxd3 Rh1 $19) 55. Ne4 Nxe4 56.
Kxe4 b2 57. h4 Kd7 58. h5 g5 59. Kd5 Rd2+ 60. Kc5 Ke7 61. Rb6 Rd1 $1 {[%mdl
4096] Anish figured out that he needs to sacrifice his passed pawn in order to
get his king forward.} (61... Rg2 62. Kd5 Kd7 63. Kc5 {would make no progress.}
) 62. Rxb2 Ke6 {White's king is cut off the kingside, the position is lost.}
63. Rf2 (63. Rb6+ Kxe5 64. Rxh6 Rc1+ 65. Kb5 Rg1 66. Rh7 Ke6 $19 {[%cal Gg1g4]}
) 63... Rd5+ 64. Kc4 Rxe5 65. Kd3 f5 66. gxf5+ {[%tqu "En","What would you
choose here, 66...Rxf5 or 66...Kf6?","","","e6f6","An important nuance.",15,
"e5f5","",0]} Kf6 $1 {An important nuance.} (66... Rxf5 $2 67. Ra2 Ke5 68. Ra4
$1 Rf3+ 69. Ke2 Rh3 70. Kf2 Kf5 (70... Rxh5 71. Kg2 {This is an easy draw as
Black's rook can't come out}) 71. Ra6 Rxh5 72. Kg2 Rh4 73. Kg3 Rg4+ 74. Kh3 h5
75. Ra5+ Ke6 76. Ra6+ Kd5 77. Ra5+ Kc6 78. Rf5 Kd6 79. Ra5 $11) 67. Ra2 Kxf5
68. Ra6 Re6 69. Rxe6 Kxe6 70. Ke4 Kf6 71. Kf3 Ke5 ({It's never too late to
spoil everything:} 71... Kf5 72. Kg3 g4 $4 73. Kh4 Kf4 {Stalemate!}) 0-1

[Event "FIDE World Cup"]
[Site "Tbilisi"]
[Date "2017.09.06"]
[Round "2.1"]
[White "Hou, Yifan"]
[Black "Aronian, Levon"]
[Result "1/2-1/2"]
[WhiteElo "2652"]
[BlackElo "2799"]
[Annotator "Quintiliano,R"]
[PlyCount "39"]
[EventDate "2017.09.03"]
[EventType "k.o."]
[EventRounds "7"]
[EventCountry "GEO"]
[SourceTitle "CBM 181"]
[Source "ChessBase"]
[SourceDate "2017.11.10"]
[SourceVersion "1"]
[SourceVersionDate "2017.11.10"]
[SourceQuality "1"]

1. e4 e5 2. Nf3 Nc6 3. Bc4 Bc5 4. O-O Nf6 5. d3 O-O 6. Re1 d6 7. c3 Ne7 $5 {
Aronian came up with this different move order to surprise Hou Yifan.} 8. Nbd2
(8. d4 Bb6 9. h3 (9. dxe5 Ng4 {[%csl Ye5,Yf2] is the point which justifies 7...
Ne7}) 9... Ng6 10. Nbd2 c6 11. Bb3 {would transpose to more theoretical
positions.}) (8. a4 a5) 8... Bb6 9. Bb3 c6 10. Nf1 Ng6 {The difference is that
by playing this way Black avoided the a4 variations which are in fashion, and
quickly organised the position to play ...d5 soon.} 11. Ng3 h6 12. h3 {We have
now reached a better known path by transposition.} d5 $1 13. exd5 Nxd5 14. d4 (
14. Nxe5 $2 {is bad} Nxe5 15. Rxe5 Bxf2+ $1 16. Kxf2 Qf6+ {[%csl Re5]}) 14...
exd4 15. Nxd4 Be6 $5 {Aronian plays dynamically to solve the only problem of
his position - how to develop the Bc8.} (15... Bc7 {is more played, but after}
16. Qf3 $14 {White keeps a little pressure.}) 16. Nxe6 {The principled way to
explore Black's last move.} (16. Bc2 {has also been tried} Ndf4 (16... Bxd4 $6
17. Qxd4 Ndf4 $2 18. Re4 $1 {[%csl Gf4];Souleidis,G (2410)-Sonntag,H (2391)
Oberliga NRW 1011 2010 (8.3) 1-0 and suddenly Black is already losing material
-}) 17. Nxe6 Qxd1 18. Rxd1 Nxe6 19. Nf5 Rad8 20. Be3 Bxe3 21. Nxe3 Rxd1+ 22.
Rxd1 Rd8 23. Rxd8+ Nxd8 $14 {Brkic,A (2597)-Wagner,D (2485) Styrian op-A 2014 
(7) 1/2}) 16... fxe6 17. Rxe6 $1 {Hou Yifan accepts the challenge.} Rxf2 {
Judging by his time management, Aronian had all this stuff analysed beforehand
and knew the safer path and the danger of this position.} ({For example} 17...
Bxf2+ $2 18. Kh1 Nh4 (18... Bxg3 $2 19. Rxg6 {[%cal Gc1h6]} Bf4 20. Qd4 $1 {
[%cal Yd4f4,Yd4g7]} Qc7 21. Bxf4 Rxf4 22. Rxg7+ $1 Qxg7 23. Qxf4 $18) 19. Nh5
Qd7 20. Qg4 Nf5 21. Rg6 $1 {with a strong attack for White} (21. Rxh6 $2 Ng3+
$1 22. Nxg3 Qxg4 23. hxg4 Bxg3 $19 {[%csl Rh6][%cal Rf8f1]}) 21... Rf7 22. Bxd5
cxd5 23. Bxh6 $1 Nxh6 24. Rxg7+ $1 Rxg7 25. Nf6+ Kh8 26. Qh5 $1 Qe7 27. Qxh6+
Rh7 28. Nxh7 Qh4 $1 (28... Qxh7 29. Qf6+ $18) 29. Qxh4 Bxh4 30. g3 $8 Kxh7 31.
gxh4 $16) 18. Kh1 Nh4 {This position is a very critical one, and Hou Yifan
invested a great amount of time to calculate and evaluate the resulting
positions.} 19. Qg4 $1 {And finally, she played the best move.} Qf8 $6 {
A clever idea, as White has the possibility to play for a win, or secure the
draw - the second one is Hou Yifan's choice.} 20. Qxh4 {With less than 30
minutes for the next 20 moves, against 1:20 hour(!) for Aronian, Hou Yifan
takes the wisest decision, namely to force the draw.} (20. Bxh6 $1 {could had
been the alternative, however, many variations end in a much better position
for White, but not winning, so it is a very difficult choice to make when you
are short of time} Rxg2 21. Bxd5 cxd5 22. Bf4 {[%csl Rh4]} Qc5 (22... Qf7 23.
Rh6 $1 Rxg3 24. Bxg3 Nf5 25. Rg6 Ne3 26. Qe6 $16) 23. Re3 (23. Be3 Qc4 $1)
23... Qf8 $1 (23... Qc6 24. Qxh4 Bxe3 25. Kxg2 d4+ 26. Kh2 dxc3 27. b3 $1 Bxf4
28. Qxf4 Rf8 29. Qd4 $16) 24. Ree1 $1 Rf2 (24... Qf6 25. Re6 Qf7 26. Rh6 {
transposes to 22...Qf7}) 25. Nh5 $1 Ng2 26. Re5 $3 {a very difficult idea to
see} Nxf4 (26... Rxf4 27. Nxf4 Qxf4 28. Qe6+ $18) 27. Rf5 Nxh5 (27... Qe7 28.
Nf6+ $18) 28. Rxf8+ Raxf8 29. Qxh5 R8f5 30. Qg4 $16) (20. Qxh4 Rf1+ 21. Kh2
Bg1+ 22. Kh1 Bb6+ 23. Kh2 Bg1+ (23... Qf2 $2 24. Be3 $1)) 1/2-1/2

[Event "ESP-chT CECLUB Honor"]
[Site "Melilla"]
[Date "2011.11.23"]
[Round "3"]
[White "Vallejo Pons, Francisco"]
[Black "Ponomariov, Ruslan"]
[Result "0-1"]
[WhiteElo "2705"]
[BlackElo "2723"]
[Annotator "RR"]
[PlyCount "72"]
[EventDate "2011.11.21"]
[EventType "team-tourn"]
[EventRounds "7"]
[EventCountry "ESP"]
[SourceTitle "CBM 146"]
[Source "ChessBase"]
[SourceDate "2012.01.18"]
[SourceVersion "1"]
[SourceVersionDate "2012.01.18"]
[SourceQuality "1"]
[WhiteTeam "Colegio Marcote EIKM"]
[BlackTeam "Taldea Gros Xake"]
[WhiteTeamCountry "ESP"]
[BlackTeamCountry "ESP"]

1. e4 e5 2. Nf3 Nc6 3. Bc4 Bc5 4. c3 Nf6 5. d4 exd4 6. e5 d5 7. Be2 Ne4 8. cxd4
Bb4+ 9. Bd2 Nxd2 10. Nbxd2 O-O 11. O-O f6 12. a3 Ba5 13. Bb5 Ne7 14. Qc2 Bf5
15. Bd3 Bxd3 16. Qxd3 Ng6 17. g3 c5 18. b4 cxb4 19. Nb3 bxa3 20. Nxa5 Qxa5 21.
Qb3 fxe5 22. Rxa3 Qd8 23. dxe5 Qd7 24. e6 Qxe6 25. Qxb7 a5 26. Nd4 Qe4 27. Rd1
Rab8 28. Qa6 Rb1 29. Rad3 Rxd1+ 30. Rxd1 Ne5 31. Qxa5 Ng4 32. Nc6 $2 (32. Qe1
Qxe1+ 33. Rxe1 $15) 32... Ne3 $1 $19 33. fxe3 Qxe3+ 34. Kg2 Rf2+ 35. Kh3 Qh6+
36. Kg4 Qg6+ 0-1

[Event "Vandoeuvre op 11th"]
[Site "Vandoeuvre"]
[Date "2014.12.27"]
[Round "3"]
[White "Dourerassou, Jonathan"]
[Black "Wagner, Dennis"]
[Result "0-1"]
[WhiteElo "2469"]
[BlackElo "2488"]
[Annotator "RR"]
[PlyCount "86"]
[EventDate "2014.12.26"]
[EventType "swiss"]
[EventRounds "9"]
[EventCountry "FRA"]
[SourceTitle "EXT 2017"]
[Source "ChessBase"]
[SourceDate "2016.10.25"]
[SourceVersion "1"]
[SourceVersionDate "2016.10.25"]
[SourceQuality "1"]

1. e4 {01h30} e5 2. Nf3 Nc6 3. Bc4 Bc5 4. c3 Nf6 5. d3 (5. d4) (5. O-O) 5...
O-O 6. Bb3 d5 {91} (6... d6) (6... a6) 7. exd5 {Une ligne secondaire qui ne
semble pas poser trop de problèmes aux Noirs pour égaliser} (7. Qe2 $142 h6
8. O-O Re8 9. Nbd2 {Lederer,Y (2283)-Mikhalevski,V (2531) ISR-chT Israel 2002 
(2) 1/2}) (7. Nbd2 $142 Be6 8. O-O $14 {Godena,M (2530)-Delchev,A (2635)
EU-chT (Men) 17th 2009 (1) 1/2}) 7... Nxd5 8. O-O Bg4 $32 {[%csl Rb1,Rc1]} 9.
h3 Bh5 10. Bg5 $6 {70} f6 11. Bh4 {le B va se faire enfermer} (11. Be3 $142)
11... Kh8 12. Bg3 {[%csl Rg3]} Nce7 {45} 13. Bh2 $6 {Les Blancs ont raté
l'ouverture et ils doivent maintenant se battre pour éviter aux Noirs de
prendre l'avantage. Bh2 est une mesure prophylactique contre Ne7f5 mais si les
Noirs jouent Ng6, le coup Bh2 risque d'être inutile.} a6 {26 Les Noirs ont
une trés bonne position mais en sortant rapidement de la théorie, ils ont
perdu du temps et il reste maintenant moins de 30 mns pour passer le contrôle
de temps} (13... Re8 14. Nbd2 a6 (14... a5 $5 {[%cal Ga5a4]})) 14. Nbd2 {47}
Ba7 {Les Noirs veulent éviter de perdre un temps sur la poussée d4 mais
cette manoeuvre n'était pas forcément indispensable} 15. Qe2 Be8 (15... Re8
$142) 16. Rfe1 Ng6 17. d4 Ngf4 18. Qf1 exd4 19. c4 {Espérant une surcharge du
Nf4 en zeitnot mais les Noirs vont profiter de la position hors-jeu du Bh2} Ne3
$1 20. fxe3 dxe3 21. Kh1 Nd3 (21... Nxh3 22. gxh3 exd2 23. Red1 Bc6 {L'idée
du sacrifice Nh3}) 22. Re2 {22} Bg6 {Les Noirs n'ont plus qu'une minute (plus
l'incrément) pour jouer 18 coups et la position n'est plus si claire} (22...
Bc6) 23. Bg1 $132 {Le B trouve enfin un peu d'activité} Re8 24. Nh4 Bh5 25.
Ndf3 Nf4 26. Rd1 Nxe2 27. Qxe2 Qe7 28. Nf5 Qe4 29. Bc2 Bxf3 30. gxf3 Qe6 $17
31. Kg2 g6 32. Nd4 Qe5 33. Bh2 Qg5+ 34. Bg3 Rad8 35. Ne6 $2 Rxd1 36. Qxd1 Qa5 (
36... e2 $1 37. Qxe2 Qc5 {[%csl Re2,Re6][%cal Gc5g1]}) 37. Nf4 (37. Nxc7 e2 38.
Qe1 {Le Pe2 est bloqué et les blancs ont des bonnes chances de nulle.}) (37.
Bf4 $2 Qd2+ $1 {Le renard est rentré dans le poulailler} 38. Qxd2 exd2 39. Kf1
c6 40. b3 Bb8 41. Kf2) 37... Qd2+ 38. Qxd2 exd2 39. Kf1 c6 40. b3 Bb8 41. Kf2
Re1 42. Nxg6+ hxg6 43. Bxb8 Rc1 0-1

[Event "Vandoeuvre op 11th"]
[Site "Vandoeuvre"]
[Date "2014.12.29"]
[Round "7"]
[White "Vovk, Yuri"]
[Black "Savina, Anastasia"]
[Result "0-1"]
[WhiteElo "2592"]
[BlackElo "2397"]
[Annotator "RR"]
[PlyCount "58"]
[EventDate "2014.12.26"]
[EventType "swiss"]
[EventRounds "9"]
[EventCountry "FRA"]
[SourceTitle "EXT 2017"]
[Source "ChessBase"]
[SourceDate "2016.10.25"]
[SourceVersion "1"]
[SourceVersionDate "2016.10.25"]
[SourceQuality "1"]

1. e4 {88} e5 2. Nf3 Nc6 3. Bc4 Nf6 4. d3 Bc5 5. c3 O-O 6. b4 Bb6 7. O-O d6 {75
} 8. Nbd2 a6 9. Bb3 (9. a4 $142 Ne7 {Fedorchuk,S (2669)-Wagner,D (2488)
Vandoeuvre op 11th 2014 (7) 1-0}) 9... d5 (9... h6 10. Nc4 Ba7 11. Be3 {
Ermenkov,E (2480)-Marin,M (2490) Balkaniad 20th 1988 (2.4) 1/2}) 10. exd5 Nxd5
11. Ne4 Bf5 {52} 12. Bd2 $146 (12. Bg5 {Piscopo,P (2406)-Malloni,M (2285)
ITA-ch sf 71st 2011 (8) 1/2}) 12... h6 13. Qe2 Nf4 14. Bxf4 exf4 15. Rfe1 Re8
16. Rad1 a5 {30} 17. b5 Ne5 18. d4 {Un coup naturel un peu douteux car la Qe2
est assez exposée.} Ng6 {[%csl Re2,Re4]} 19. Nfd2 a4 20. Bc2 Qd7 21. Qd3 Rad8
22. Bb1 Kh8 23. Qc4 Nh4 24. Qxa4 $2 (24. f3) 24... Bh3 $1 25. g3 Qg4 26. f3
Nxf3+ 27. Nxf3 Qxf3 28. Qc2 f5 29. Qf2 fxe4 0-1

[Event "POL-chT 66th"]
[Site "Katowice"]
[Date "2010.09.06"]
[Round "3"]
[White "Kuczynski, Robert"]
[Black "Chojnacki, Krzysztof"]
[Result "1/2-1/2"]
[WhiteElo "2511"]
[BlackElo "2431"]
[Annotator "RR"]
[PlyCount "123"]
[EventDate "2010.09.04"]
[EventType "team-tourn"]
[EventRounds "9"]
[EventCountry "POL"]
[SourceTitle "EXT 2016"]
[Source "ChessBase"]
[SourceDate "2015.10.08"]
[SourceVersion "1"]
[SourceVersionDate "2015.10.08"]
[SourceQuality "1"]
[WhiteTeam "Wroclaw AZS WSB"]
[BlackTeam "Poznan Pocztowiec"]
[WhiteTeamCountry "POL"]
[BlackTeamCountry "POL"]

1. e4 e5 2. Nf3 Nc6 3. Bc4 Bc5 4. c3 Nf6 5. d3 a6 6. O-O O-O 7. Bb3 Ba7 8. Re1
d6 9. h3 Be6 10. Nbd2 Qd7 (10... Bxb3 11. axb3 d5 12. Qe2 Qd7 13. Nf1 d4 14. b4
Rad8 15. Rd1 Ne8 16. Ng3 f6 17. Qe1 Kh8 18. c4 Bb8 19. h4 Nd6 20. h5 Rde8 21.
c5 Nc8 22. Nh4 N8e7 23. Bd2 Qg4 24. Nhf5 Nxf5 25. exf5 Ne7 26. Qe4 Qxe4 27.
Nxe4 c6 28. g4 Nd5 29. Kf1 h6 30. Ke2 Kg8 {1/2-1/2 (30) Hou,Y (2673)-Ivanchuk,
V (2715) Wijk aan Zee 2015}) 11. Nf1 Bxb3 $146 (11... h6 12. Ng3 Rfe8 13. Bc2
d5 {Dominguez Perez,L (2719)-Mamedyarov,S (2731) Wch Blitz 4th 2008 (3) 1-0})
12. Qxb3 Nh5 13. Be3 Bxe3 14. Nxe3 Nf4 $132 {[%csl Gf4]} 15. Rad1 Rfe8 16. Kh2
{[%cal Gg2g3,Gf3g1]} Rab8 17. Ng1 Kh8 18. g3 Ng6 19. Rf1 $1 {[%cal Gf2f4]} Qe6
20. f4 Qxb3 21. axb3 f6 22. Ne2 (22. f5 Nge7 23. Nf3 {[%cal Gg3g4,Gf1g1,Gh3h4,
Gg4g5]}) 22... Rbd8 23. Nd5 Rd7 24. f5 Nge7 25. Nxe7 Rexe7 26. b4 Kg8 27. Nc1
Rd8 28. Nb3 Rf8 29. h4 Kf7 30. g4 h6 31. Kg3 g5 32. Rh1 Kg7 33. Rh2 Rh8 34. Nd2
Ree8 35. Kf2 Rd8 36. Rdh1 Ne7 37. Ke2 d5 38. Ra1 dxe4 39. dxe4 gxh4 40. Nb3 b6
41. Rxa6 h5 42. Rxh4 hxg4 43. Rxg4+ Kf7 44. Rg2 Rh4 45. Nd2 Nc8 46. Ra8 $14 Rf8
47. Kd1 Nd6 $11 {[%csl Re4]} 48. Rxf8+ Kxf8 49. Re2 Ke7 50. Kc2 Rh3 51. Re1 Ke8
52. Re2 Ke7 53. c4 Ke8 54. b3 Ke7 55. Nb1 b5 56. c5 Nf7 57. Nc3 c6 58. Rd2 Ng5
59. Re2 Nf3 60. Kb2 Nd4 61. Rg2 Kf7 62. Rd2 1/2-1/2

[Event "ESP-chT CECLUB Honor"]
[Site "Melilla"]
[Date "2011.11.24"]
[Round "5"]
[White "Korneev, Oleg"]
[Black "Kasimdzhanov, Rustam"]
[Result "0-1"]
[WhiteElo "2608"]
[BlackElo "2675"]
[Annotator "RR"]
[PlyCount "128"]
[EventDate "2011.11.21"]
[EventType "team-tourn"]
[EventRounds "7"]
[EventCountry "ESP"]
[SourceTitle "CBM 146"]
[Source "ChessBase"]
[SourceDate "2012.01.18"]
[SourceVersion "1"]
[SourceVersionDate "2012.01.18"]
[SourceQuality "1"]
[WhiteTeam "Cajacanarias"]
[BlackTeam "Taldea Gros Xake"]
[WhiteTeamCountry "ESP"]
[BlackTeamCountry "ESP"]

1. e4 e5 2. Bc4 Nf6 3. d3 Nc6 4. Nf3 Bc5 5. O-O d6 6. c3 a6 7. Bb3 Ba7 8. Nbd2
h6 9. Re1 O-O 10. h3 Be6 11. Nf1 Re8 12. Be3 Bxe3 13. Nxe3 Qd7 14. Nh4 Rad8 15.
Nhf5 Ne7 16. Nxe7+ Rxe7 17. Bxe6 Rxe6 18. Ng4 d5 19. Nxf6+ Rxf6 20. d4 Rg6 21.
Kh1 dxe4 22. Rxe4 Qc6 23. f3 Qb6 24. Qd2 exd4 25. Rxd4 Rxd4 26. cxd4 Rd6 27.
Rd1 c6 28. b4 Qd8 29. a3 h5 30. Qf4 g6 31. Qe5 Rd5 32. Qe4 Kg7 33. Kg1 a5 34.
Kh1 axb4 35. axb4 Qd6 36. Qb1 Rb5 37. Qa1 Kh7 38. Qa2 Kg8 39. Qa8+ Qf8 40.
Qxf8+ Kxf8 41. Rb1 Ke7 42. Kg1 Kd6 43. Kf2 Kd5 44. Ke3 Kc4 45. Ke4 $2 (45. Rc1+
Kxb4 46. h4 $15) 45... f5+ $19 46. Kf4 Rxb4 47. Rc1+ Kxd4 48. Rd1+ Kc3+ 49. Kg5
Rd4 50. Rb1 Rd6 51. Rb6 Kd4 52. g4 hxg4 53. hxg4 fxg4 54. fxg4 Kd5 55. Rxb7 c5
56. Kf4 c4 57. Ke3 c3 58. Rc7 Rc6 59. Rd7+ Ke5 60. Rd1 c2 61. Rc1 g5 62. Kd2
Kf4 63. Rf1+ Kxg4 64. Kc1 Rc5 0-1

[Event "Cappelle op 31st"]
[Site "Cappelle la Grande"]
[Date "2015.03.02"]
[Round "4"]
[White "Grover, Sahaj"]
[Black "Bachmann, Axel"]
[Result "1/2-1/2"]
[WhiteElo "2519"]
[BlackElo "2601"]
[Annotator "RR"]
[PlyCount "40"]
[EventDate "2015.02.28"]
[EventType "swiss"]
[EventRounds "9"]
[EventCountry "FRA"]
[SourceTitle "EXT 2016"]
[Source "ChessBase"]
[SourceDate "2015.10.08"]
[SourceVersion "1"]
[SourceVersionDate "2015.10.08"]
[SourceQuality "1"]

1. e4 e5 2. Nf3 Nc6 3. Bc4 Bc5 4. O-O Nf6 5. d3 O-O 6. Nbd2 d6 7. c3 a6 8. Bb3
Ba7 9. h3 Ne7 10. Re1 Ng6 11. Nf1 Nh5 12. d4 Nhf4 13. Bxf4 (13. Ng3 Qf6 14. Nh5
Qe7 15. Bxf4 Nxf4 16. Nxf4 exf4 17. e5 c5 18. Qd3 cxd4 19. exd6 Qxd6 20. Ng5 g6
21. Bxf7+ Rxf7 22. Qc4 Qc7 23. Re8+ Kg7 24. Rxc8 Qxc4 25. Rxc4 Rd7 26. cxd4 Re8
27. Kf1 b5 28. Rc6 Bxd4 29. Ne6+ Kf7 30. Re1 Bxb2 31. Rxa6 Bc3 32. Ng5+ Kf8 33.
Rxe8+ Kxe8 34. Ne4 b4 35. Ke2 Ke7 36. h4 Be5 37. Nc5 Rd5 38. Ra7+ Kd8 39. Ne6+
Kc8 40. Kf3 Rd2 41. Ra4 Bd6 42. Ng5 Rd3+ {Delchev,A (2628)-Agdestein,S (2625)
LLucmajor 2014 1-0}) 13... exf4 14. Qd3 Re8 $146 (14... Be6 15. Rad1 Qe7 16. e5
dxe5 17. Nxe5 Nh4 18. Nf3 Rae8 19. N1d2 Qd8 20. Bxe6 fxe6 21. Nxh4 Qxh4 22. Nf3
Qh6 23. Re4 c6 24. Rde1 Bb8 25. Nh2 Qg6 26. Qe2 Kf7 27. Nf3 h6 28. c4 Qf5 29.
Ne5+ Kg8 30. Nd7 f3 31. Qxf3 Qxf3 32. gxf3 Rxf3 33. Rxe6 Rxe6 34. Rxe6 Bc7 35.
Re8+ Kh7 36. Nf8+ Kg8 37. Ne6+ Kf7 38. Rf8+ Kxe6 39. Rxf3 Bb6 40. Rf4 g5 41.
Re4+ Kf5 42. f3 {1-0 (42) Magem Badals,J (2485)-Flear,C (2225) Palma de
Mallorca 1991}) 15. Bc2 c5 16. dxc5 Bxc5 17. b4 Ba7 18. N1d2 Be6 19. Bb3 Rc8
20. Rac1 Rc7 {Une nulle rapide mais c'était la seconde ronde de la journée.}
1/2-1/2